【自動車趣味玄人向け】サブネームから元の車種を当てろⅡ - Statistics

General Stats
  • This quiz has been taken 7 times
  • The average score is 4 of 15
Answer Stats
Hint Answer % Correct
フォルティス ギャラン
67%
イノーバ アスコット
67%
ジータ アルテッツァ
50%
アルデオ ビスタ
33%
リバティ プレーリー
33%
アネシス インプレッサ
33%
ヴァリエッタ シルビア
33%
ルキア テリオス
17%
エグゼ タント
17%
ブリット マークⅡ
17%
クレセント カルタス
17%
シティ ブルーリボン
0%
ARX ブルーバード
0%
θ(シータ) アプローズ
0%
ストーリー ビュート
0%
No matching quizzes found
Score Distribution
Percent of People with Each Score
Percentile by Number Answered
Your Score History
You have not taken this quiz